| 000 | 01304naa a22003017a 4500 | ||
|---|---|---|---|
| 001 | BR8902599 | ||
| 003 | BR-BrBNA | ||
| 005 | 20240918180449.0 | ||
| 007 | ta | ||
| 008 | 230509b bl.||||| |||| 00| 0 por d | ||
| 040 |
_aBR-BrBNA _bpor _cBiblioteca Nacional de Agricultura |
||
| 041 | _a(Pt) | ||
| 072 |
_aE21; K10 _b8905 _bG514 |
||
| 090 | _aE21 BR8902599 | ||
| 100 | 1 | _aQueiroz Filho, E.P. de | |
| 111 | 1 |
_a1. Encontro Brasileiro de Economia Florestal _cCuritiba, PR (Brazil) _d23-27 May 1988 |
|
| 245 | 1 | _aElementos para elaboracao de uma politica orientadora de producao de carvao vegetal, na area do programa grande Carajas, no estado do Para | |
| 260 | 3 |
_aCuritiba, PR (Brasil): _c1988. |
|
| 500 | _aGraca, L.R.; Hoeflich, V.A. (eds.) Anais do 1. Encontro Brasileiro de Economia Florestal. v. 1 Paineis Curitiba, PR (Brasil): 1988. p. 89-116 (BR8902599-AM)E21 | ||
| 650 | _aCARVAO VEGETAL | ||
| 650 | _aPRODUCAO | ||
| 650 | _aECONOMIA | ||
| 650 | _aFLORESTA | ||
| 650 | _aPARA | ||
| 773 | 0 |
_tAnais do 1. Encontro Brasileiro de Economia Florestal. v. 1 Paineis _aGraca, L.R.; Hoeflich, V.A. (eds.). Centro Nacional de Pesquisa de Florestas, Curitiba, PR (Brasil) _wE21 BR8902599 _gCuritiba, PR (Brasil), 1988. p. 89-116 |
|
| 909 |
_a202404 _bLucia _c55 _dLucia Elande |
||
| 942 |
_cAM _2AGRIS |
||
| 999 |
_c320507 _d320507 |
||